Método fonético-onomatopéyico para enseñar a leer y escribir simultáneamente. Primer cuatrimestre.
Guardado en:
| Autor principal: | |
|---|---|
| Formato: | Libro |
| Lenguaje: | español |
| Publicado: |
México, D. F.
Sociedad de Edición y Librería Franco-Americana, S. A.
[s. a.]
|
| Catálogo: | MANES: Resultados de Búsqueda del Catálogo |
| Clasificación de libros de texto: |
|
| Etiquetas: |
Agregar Etiqueta
Sin Etiquetas, Sea el primero en etiquetar este registro!
|
| Añadido a: | 2018-10-04 |
| Cambiado en: | 2019-04-29 |
MARC
| LEADER | 00000nam a2200000 4500 | ||
|---|---|---|---|
| 005 | 20190429105158.0 | ||
| 008 | 181005b xxu||||| |||| 00| 0 spa d | ||
| 040 | |a centro_manes |c universidad_colima | ||
| 100 | |9 11245 |a Torres Quintero, Gregorio | ||
| 245 | |a Método fonético-onomatopéyico para enseñar a leer y escribir simultáneamente. Primer cuatrimestre. | ||
| 260 | |a México, D. F. |b Sociedad de Edición y Librería Franco-Americana, S. A. |c [s. a.] | ||
| 300 | |a 50 p. |c 20 cm. | ||
| 500 | |a Aparece: Francisco Ziga, "Bibliografía Pedagógica. Libros de texto para enseñanza primaria:1850-1970 V. Libros de Lectura" en Boletín del Instituto de Investigaciones Bibliográficas 1981-1982, Biblioteca Nacional, Hemeroteca Nacional, Universidad Nacional Autónoma de México, Nos. 18 - 19, p. 218. |a ils. | ||
| 691 | 0 | |a PRI | |
| 690 | 0 | |a EyL | |
| 942 | |2 ddc |c BK | ||
| 999 | |c 52269 |d 52269 | ||
| 999 | |c manes:52269 |d 52269 | ||